000 00744nam a22002297a 4500
001 2512
003 CO-MdFUSB
005 20190202100314.0
008 170512t1987 xxu||||| |||| 00| 0 s d
040 _aCO-MdFUSB
_bspa
_cCO-MdFUSB
_dCO-MdFUSBC
_erda
041 0 _aspa
082 0 4 _aG 220.546 W3242u
245 1 0 _aTraducción del Nuevo Mundo de las Santas Escrituras
_b : Traducidas de la versión en inglés de 1984
_c / Watch Tower Bible and Tract Society
264 4 _aBrooklyn, N.Y., USA :
_b International Bible Students Association,
_c©1987
300 _a1659 Pag
336 _2rdacontent
_a1
_ba1
337 _2rdamedia
_a2
_b5
338 _2rdacarrier
_a2
_b5
650 0 _aBiblia
_916
653 _aVersiones de la Biblia
942 _cBK
999 _c33337
_d33337